<?xml version="1.0" encoding="UTF-8"?>
<record
    xmlns:xsi="http://www.w3.org/2001/XMLSchema-instance"
    xsi:schemaLocation="http://www.loc.gov/MARC21/slim http://www.loc.gov/standards/marcxml/schema/MARC21slim.xsd"
    xmlns="http://www.loc.gov/MARC21/slim">

  <leader>01769nam0a2200397   4500</leader>
  <controlfield tag="001">RU\NLR\bibl\1842197</controlfield>
  <controlfield tag="005">20260405181341.0</controlfield>
  <datafield tag="010" ind1=" " ind2=" ">
    <subfield code="a">978-5-9998-0026-8</subfield>
    <subfield code="9">3000</subfield>
  </datafield>
  <datafield tag="021" ind1=" " ind2=" ">
    <subfield code="a">RU</subfield>
    <subfield code="b">2011-89317</subfield>
    <subfield code="9">6385</subfield>
  </datafield>
  <datafield tag="035" ind1=" " ind2=" ">
    <subfield code="a">(LIBNET)LIBNET\0000154877</subfield>
  </datafield>
  <datafield tag="035" ind1=" " ind2=" ">
    <subfield code="a">(nilc)RSL-KNO-005079237</subfield>
  </datafield>
  <datafield tag="035" ind1=" " ind2=" ">
    <subfield code="a">(NLR Aleph) 001832651</subfield>
  </datafield>
  <datafield tag="090" ind1=" " ind2=" ">
    <subfield code="a">2160707</subfield>
    <subfield code="c">2160707</subfield>
  </datafield>
  <datafield tag="100" ind1=" " ind2=" ">
    <subfield code="a">20110810d2012    |||y0rusy50      ca</subfield>
  </datafield>
  <datafield tag="101" ind1="1" ind2=" ">
    <subfield code="a">rus</subfield>
    <subfield code="c">eng</subfield>
  </datafield>
  <datafield tag="102" ind1=" " ind2=" ">
    <subfield code="a">RU</subfield>
    <subfield code="a">DE</subfield>
  </datafield>
  <datafield tag="105" ind1=" " ind2=" ">
    <subfield code="a">y   |||||||||</subfield>
  </datafield>
  <datafield tag="200" ind1="1" ind2=" ">
    <subfield code="a">&#x423;&#x432;&#x43B;&#x435;&#x447;&#x435;&#x43D;&#x43D;&#x44B;&#x439; &#x430;&#x433;&#x435;&#x43D;&#x442;</subfield>
    <subfield code="e">&#x440;&#x443;&#x43A;&#x43E;&#x432;&#x43E;&#x434;&#x441;&#x442;&#x432;&#x43E; &#x434;&#x43B;&#x44F; &#x430;&#x433;&#x435;&#x43D;&#x442;&#x43E;&#x432; &#x43F;&#x43E; &#x441;&#x442;&#x440;&#x430;&#x445;&#x43E;&#x432;&#x430;&#x43D;&#x438;&#x44E; &#x436;&#x438;&#x437;&#x43D;&#x438;</subfield>
    <subfield code="f">&#x414;&#x436;&#x435;&#x439;&#x43C;&#x441; &#x41C;. &#x425;&#x435;&#x439;&#x434;&#x435;&#x43C;&#x430;</subfield>
    <subfield code="g">&#x43F;&#x435;&#x440;. &#x441; &#x430;&#x43D;&#x433;&#x43B;. [&#x410;. &#x412;. &#x41B;&#x438;&#x441;&#x43E;&#x432;&#x441;&#x43A;&#x43E;&#x433;&#x43E;]</subfield>
  </datafield>
  <datafield tag="205" ind1=" " ind2=" ">
    <subfield code="a">2-&#x435; &#x438;&#x437;&#x434;., &#x43F;&#x435;&#x440;&#x435;&#x440;&#x430;&#x431;.</subfield>
  </datafield>
  <datafield tag="210" ind1=" " ind2=" ">
    <subfield code="a">&#x41C;&#x43E;&#x441;&#x43A;&#x432;&#x430;</subfield>
    <subfield code="a">&#x411;&#x435;&#x440;&#x43B;&#x438;&#x43D;</subfield>
    <subfield code="c">&#x418;&#x43D;&#x444;&#x43E;&#x442;&#x440;&#x43E;&#x43F;&#x438;&#x43A; &#x41C;&#x435;&#x434;&#x438;&#x430;</subfield>
    <subfield code="d">2012</subfield>
  </datafield>
  <datafield tag="215" ind1=" " ind2=" ">
    <subfield code="a">263 &#x441;.</subfield>
    <subfield code="d">22</subfield>
  </datafield>
  <datafield tag="225" ind1="1" ind2=" ">
    <subfield code="a">&#x421;&#x435;&#x440;&#x438;&#x44F; "&#x411;&#x438;&#x437;&#x43D;&#x435;&#x441; &#x441; &#x443;&#x432;&#x43B;&#x435;&#x447;&#x435;&#x43D;&#x438;&#x435;&#x43C;"</subfield>
    <subfield code="v">&#x43A;&#x43D;. 3</subfield>
  </datafield>
  <datafield tag="300" ind1=" " ind2=" ">
    <subfield code="a">&#x417;&#x430;&#x433;&#x43B;. &#x438; &#x430;&#x432;&#x442;. &#x43E;&#x440;&#x438;&#x433;.: The passionate agent / James Heidema</subfield>
  </datafield>
  <datafield tag="454" ind1=" " ind2="0">
    <subfield code="1">2001#$aThe passionate agent$fJames Heidema</subfield>
    <subfield code="1">700#1$3RU\NLR\auth\77114830$7ba$aHeidema$bD. &#x41C;.$gJames &#x41C;.$4070</subfield>
    <subfield code="t">The passionate agent</subfield>
    <subfield code="a">Heidema, James &#x41C;.</subfield>
  </datafield>
  <datafield tag="606" ind1="1" ind2=" ">
    <subfield code="a">&#x421;&#x442;&#x440;&#x430;&#x445;&#x43E;&#x432;&#x44B;&#x435; &#x430;&#x433;&#x435;&#x43D;&#x442;&#x44B;</subfield>
    <subfield code="j">&#x41F;&#x440;&#x430;&#x43A;&#x442;&#x438;&#x447;&#x435;&#x441;&#x43A;&#x438;&#x435; &#x43F;&#x43E;&#x441;&#x43E;&#x431;&#x438;&#x44F;</subfield>
    <subfield code="x">&#x41E;&#x440;&#x433;&#x430;&#x43D;&#x438;&#x437;&#x430;&#x446;&#x438;&#x44F; &#x440;&#x430;&#x431;&#x43E;&#x442;&#x44B;</subfield>
    <subfield code="9">2298500</subfield>
    <subfield code="3">RU\NLR\auth\661376221</subfield>
  </datafield>
  <datafield tag="686" ind1=" " ind2=" ">
    <subfield code="a">&#x423;826.27-212,0</subfield>
    <subfield code="2">rubbk</subfield>
  </datafield>
  <datafield tag="686" ind1=" " ind2=" ">
    <subfield code="a">&#x423;26(0)31-642&#x44F;7</subfield>
  </datafield>
  <datafield tag="700" ind1=" " ind2="1">
    <subfield code="4">070</subfield>
    <subfield code="8">rus</subfield>
    <subfield code="7">ca</subfield>
    <subfield code="a">&#x425;&#x435;&#x439;&#x434;&#x435;&#x43C;&#x430;</subfield>
    <subfield code="b">&#x414;. &#x41C;.</subfield>
    <subfield code="g">&#x414;&#x436;&#x435;&#x439;&#x43C;&#x441; &#x41C;.</subfield>
    <subfield code="3">RU\NLR\auth\7778223</subfield>
    <subfield code="9">61151</subfield>
  </datafield>
  <datafield tag="801" ind1=" " ind2="0">
    <subfield code="a">RU</subfield>
    <subfield code="b">&#x410;&#x433;&#x435;&#x43D;&#x442;&#x441;&#x442;&#x432;&#x43E; CIP &#x420;&#x413;&#x411;</subfield>
    <subfield code="c">20110810</subfield>
    <subfield code="g">rcr</subfield>
  </datafield>
  <datafield tag="801" ind1=" " ind2="1">
    <subfield code="a">RU</subfield>
    <subfield code="b">&#x410;&#x433;&#x435;&#x43D;&#x442;&#x441;&#x442;&#x432;&#x43E; CIP &#x420;&#x413;&#x411;</subfield>
    <subfield code="c">20110810</subfield>
  </datafield>
  <datafield tag="801" ind1=" " ind2="1">
    <subfield code="a">RU</subfield>
    <subfield code="b">&#x420;&#x413;&#x411;</subfield>
    <subfield code="c">20110810</subfield>
  </datafield>
  <datafield tag="801" ind1=" " ind2="2">
    <subfield code="a">RU</subfield>
    <subfield code="b">NLR</subfield>
    <subfield code="c">20111201</subfield>
    <subfield code="g">rcr</subfield>
  </datafield>
  <datafield tag="942" ind1=" " ind2=" ">
    <subfield code="c">BOOK</subfield>
  </datafield>
  <datafield tag="980" ind1=" " ind2=" ">
    <subfield code="a">NB</subfield>
  </datafield>
  <datafield tag="980" ind1=" " ind2=" ">
    <subfield code="a">NBR</subfield>
  </datafield>
  <datafield tag="995" ind1=" " ind2=" ">
    <subfield code="5">2011-12-01</subfield>
    <subfield code="a">ad</subfield>
    <subfield code="b">NLR01</subfield>
    <subfield code="c">NLR01</subfield>
    <subfield code="e">RF8</subfield>
    <subfield code="f">1-213033</subfield>
    <subfield code="k">2011-5/9610</subfield>
    <subfield code="o">0</subfield>
    <subfield code="r">BOOK</subfield>
    <subfield code="s">201159610_</subfield>
  </datafield>
  <datafield tag="995" ind1=" " ind2=" ">
    <subfield code="5">2011-12-01</subfield>
    <subfield code="a">ad</subfield>
    <subfield code="b">NLR01</subfield>
    <subfield code="c">NLR01</subfield>
    <subfield code="e">RF8</subfield>
    <subfield code="f">3547242</subfield>
    <subfield code="k">2011-5/9610</subfield>
    <subfield code="o">0</subfield>
    <subfield code="r">BOOK</subfield>
    <subfield code="s">201159610_</subfield>
  </datafield>
</record>
